000 00291nam a22001337a 4500
008 210312b ||||| |||| 00| 0 eng d
041 _aeng
080 _a61
082 _a61
100 _a3
101 _aSHM
245 _aClinical Scintillation Scanning
_cFreeman, L. M
942 _2udc
_cBK
999 _c56600
_d56600